| 000 | 00793cam a2200193 4500 | ||
|---|---|---|---|
| 001 | WB3524-57 | ||
| 008 | 000000n1999 000 0 eng u | ||
| 035 | _a(Sirsi) u102008 | ||
| 245 | _aFarmers' GM attitudes. | ||
| 260 | _c1999 | ||
| 490 |
_aFarmers' Weekly _v130(25) 18 June 1999, 7(1) |
||
| 520 | _aA survey by the BBC shows that although 65% of English farmers would be unwilling to have a GM crop trial on their land, 52.5% would want to grow the crops if they were released commercially. Half were concerned about contamination from GM crops, 41.5% were unconcerned and 9% undecided. The survey involved 200 farmers. | ||
| 650 | _aGENETICALLY MODIFIED FOODS | ||
| 650 | _aCROPS | ||
| 650 | _aPOLLUTION | ||
| 650 |
_aEnvironment _96238 |
||
| 690 | _aRURAL PRACTICE | ||
| 942 | _n0 | ||
| 999 |
_c61100 _d61100 |
||